[Event "AUTO-OPEN-1434"]
[Site "http://www.queenalice.com/game.php?id=536819"]
[Date "2009.2.7"]
[Round "1"]
[White "alvarogoulart"]
[Black "alexsr27"]
[Result "1-0"]
[WhiteElo "1842"]
[BlackElo "1421"]

1. e4 c6 2. Bc4 d5 3. exd5 cxd5 4. Bb5+ Nd7 5. Nf3 a6 6. Bxd7+ Bxd7 7. d4 e6 8.
Bf4 Nf6 9. Ne5 Bb5 10. a4 Bc4 11. b3 Nh5 12. Qxh5 g6 13. Qf3 Bxb3 14. cxb3 f6
15. Ng4 Bg7 16. Bh6 Bxh6 17. Nxh6 f5 18. Nd2 Qg5 19. Qh3 Rc8 20. O-O Qxd2 21.
Rfd1 Qb4 22. Qe3 Kd7 23. Nf7 Rhe8 24. Rac1 Rxc1 25. Rxc1 Rc8 26. Rxc8 Kxc8 27.
Qxe6+ Kc7 28. Qe3 Qa3 29. h3 Qa1+ 30. Kh2 b5 31. axb5 axb5 32. Qe7+ Kb6 33. Qc5+
Ka5 34. Qa7+ 1-0

[Event "AUTO-OPEN-1437"]
[Site "http://www.queenalice.com/game.php?id=538460"]
[Date "2009.2.11"]
[Round "1"]
[White "bbking"]
[Black "alexsr27"]
[Result "0-1"]
[WhiteElo "1003"]
[BlackElo "1602"]

1. e4 e5 2. Nf3 d6 3. d4 exd4 4. Nxd4 Nf6 5. Nc3 c6 6. Bc4 d5 7. Qd3 dxc4 8.
Qxc4 Be6 9. Nxe6 fxe6 10. Qxe6+ Qe7 11. Qc8+ Kf7 12. Bf4 Nxe4 13. Nxe4 Qxe4+ 14.
Be3 Qb4+ 15. Bd2 Qxb2 16. O-O Qb6 17. Qf5+ Ke8 18. Ba5 Qa6 19. Rfe1+ Be7 20.
Rad1 Rf8 21. Qc8+ Kf7 22. Qf5+ Bf6 23. Qe6+ Kg6 24. Qg4+ Bg5 25. Rd6+ Rf6 26.
Rde6 Qxa5 27. R1e5 Qd2 28. h4 Qxf2+ 29. Kh2 Qf4+ 30. Kh3 Qxg4+ 31. Kxg4 Rxe6 32.
Rxe6+ Bf6 33. h5+ Kf7 34. Kf5 g6+ 35. hxg6+ hxg6+ 0-1

[Event "AUTO-OPEN-1437"]
[Site "http://www.queenalice.com/game.php?id=538488"]
[Date "2009.2.11"]
[Round "1"]
[White "Iarinha"]
[Black "alexsr27"]
[Result "0-1"]
[WhiteElo "1391"]
[BlackElo "1467"]

1. e4 e5 2. Nf3 d6 3. Bc4 c6 4. d3 d5 5. exd5 cxd5 6. Bb3 Nc6 7. Nc3 Nf6 8. Bg5
d4 9. Nd5 Be7 10. Qe2 Nxd5 11. Bxd5 Qxd5 12. c4 Qe6 13. O-O h6 14. Bh4 Bxh4 15.
Nxh4 O-O 16. Rfe1 g5 17. Nf3 f5 18. Nxe5 Re8 19. Ng6 Qxe2 20. Rxe2 Rxe2 21. h3
Kg7 22. Kf1 Rxb2 23. Re1 Kxg6 24. a3 Rb3 25. g4 fxg4 26. hxg4 Bxg4 27. Re4 Bf5
28. Re3 Rxd3 29. Ke2 dxe3 30. fxe3 Rxa3 31. Kd2 Rd8+ 32. Ke2 Bd3+ 33. Kf3 Ne5+
34. Kf2 Rf8+ 35. Kg3 Bxc4 36. Kg2 Rxe3 37. Kh2 Rf2+ 38. Kg1 Ng4 39. Kh1 Re1# 0-1

[Event "AUTO-OPEN-1437"]
[Site "http://www.queenalice.com/game.php?id=538489"]
[Date "2009.2.11"]
[Round "1"]
[White "alexsr27"]
[Black "Iarinha"]
[Result "1-0"]
[WhiteElo "1515"]
[BlackElo "1329"]

1. e4 e5 2. Nf3 Nc6 3. c3 Nf6 4. d3 d6 5. g3 d5 6. Bg2 dxe4 7. Nfd2 exd3 8.
Bxc6+ bxc6 9. Qf3 Bb7 10. Nc4 e4 11. Qe3 c5 12. Nbd2 Be7 13. Na5 Rb8 14. Nxb7
Rxb7 15. Nxe4 Nxe4 16. Qxe4 c6 17. Qxc6+ Rd7 18. Bd2 O-O 19. O-O Rc7 20. Qe4 Re8
21. Qg4 c4 22. Rad1 Rc5 23. b3 cxb3 24. axb3 h5 25. Qf3 h4 26. c4 Qd7 27. Be3
Rf5 28. Bf4 Rd8 29. Rxd3 Qxd3 30. Qg4 g6 31. Re1 Qxb3 32. Rc1 hxg3 33. hxg3 Bc5
34. Kg2 Rd3 35. Qe2 g5 36. Qg4 Qb2 37. Qxf5 Qxf2+ 38. Kh3 gxf4 39. Qxd3 fxg3 40.
Qxg3+ Qxg3+ 41. Kxg3 Kg7 42. Kf4 Kg6 43. Ke5 f5 44. Rc2 Bb6 45. Rg2+ Kf7 46.
Kxf5 a5 47. Rb2 Bd4 48. Rb5 a4 49. Rd5 Bg7 50. Ra5 a3 51. Rxa3 Ke8 52. Ra8+ Kf7
53. Ra7+ Kg8 54. Kg6 1-0

[Event "AUTO-OPEN-1437"]
[Site "http://www.queenalice.com/game.php?id=538508"]
[Date "2009.2.11"]
[Round "1"]
[White "alexsr27"]
[Black "txukahamae"]
[Result "0-1"]
[WhiteElo "1602"]
[BlackElo "1349"]

1. e4 Nf6 2. e5 Nd5 3. d4 d6 4. c4 Nb6 5. exd6 cxd6 6. Nf3 Nc6 7. d5 Nb8 8. Nc3
g6 9. g3 Bg4 10. Bg2 Bg7 11. Bd2 O-O 12. b3 N8d7 13. Qc1 Nc5 14. Bh6 Nd3+ 15.
Kd1 Nxc1 16. Bxc1 Bxf3+ 17. Bxf3 Bxc3 18. Rb1 Nd7 19. Bh6 Bg7 20. Bxg7 Kxg7 21.
Re1 Ne5 22. Be4 Ng4 23. f4 Nf2+ 24. Kd2 Nxe4+ 25. Rxe4 f5 26. Re3 Re8 27. b4 b6
28. a4 Qd7 29. h4 Qxa4 30. b5 Qxc4 31. Rd3 Rac8 0-1

[Event "AUTO-OPEN-1437"]
[Site "http://www.queenalice.com/game.php?id=538509"]
[Date "2009.2.11"]
[Round "1"]
[White "txukahamae"]
[Black "alexsr27"]
[Result "0-1"]
[WhiteElo "1303"]
[BlackElo "1500"]

1. d4 e6 2. c4 c6 3. Nc3 d5 4. Nf3 Nf6 5. Bg5 Be7 6. e3 h6 7. Bxf6 Bxf6 8. Bd3
O-O 9. O-O a6 10. a4 b6 11. b4 c5 12. bxc5 bxc5 13. cxd5 cxd4 14. Nxd4 exd5 15.
Nce2 Bg4 16. f3 Bxd4 17. Nxd4 Bd7 18. e4 Qb6 19. Be2 Nc6 0-1

[Event "AUTO-INT-1223"]
[Site "http://www.queenalice.com/game.php?id=548496"]
[Date "2009.3.1"]
[Round "1"]
[White "tewzim"]
[Black "alexsr27"]
[Result "0-1"]
[WhiteElo "1199"]
[BlackElo "1403"]

1. e4 e5 2. Nf3 d6 3. Bc4 c6 4. d3 d5 5. exd5 cxd5 6. Bxd5 Qxd5 7. O-O Bg4 8.
Nbd2 Nf6 9. c4 Qxd3 10. b3 Qc3 0-1

[Event "AUTO-INT-1223"]
[Site "http://www.queenalice.com/game.php?id=548512"]
[Date "2009.3.1"]
[Round "1"]
[White "alexsr27"]
[Black "SGrillo"]
[Result "0-1"]
[WhiteElo "1421"]
[BlackElo "1717"]

1. e4 e5 2. Nf3 d6 3. Bc4 h6 4. Nc3 c6 5. O-O Bg4 6. h3 Bxf3 7. Qxf3 Qf6 8. Qxf6
Nxf6 9. d3 Nbd7 10. Be3 Be7 11. a4 Bd8 12. b4 Bb6 13. Bd2 Bd4 14. Rfe1 Nb6 15.
Bb3 O-O 16. a5 Nbd7 17. Ne2 Bxa1 18. Rxa1 a6 19. c4 c5 20. Ba4 Rab8 21. f4 b5
22. cxb5 axb5 23. Bxb5 Rxb5 24. fxe5 Nxe5 25. bxc5 dxc5 26. d4 cxd4 27. Nxd4 Rb7
28. a6 Ra7 29. Nb5 Raa8 30. a7 Nc6 31. Nc7 Rxa7 32. Rxa7 Nxa7 33. e5 Ne4 34. Bb4
Rc8 35. Nd5 Rc1+ 0-1

[Event "AUTO-INT-1223"]
[Site "http://www.queenalice.com/game.php?id=548513"]
[Date "2009.3.1"]
[Round "1"]
[White "SGrillo"]
[Black "alexsr27"]
[Result "0-1"]
[WhiteElo "1675"]
[BlackElo "1507"]

1. e4 e5 2. Nf3 d6 3. h3 Nf6 4. d3 c6 5. Bg5 h6 6. Bxf6 Qxf6 7. Nh2 d5 8. exd5
Bc5 9. Qf3 Qxf3 10. Nxf3 O-O 11. dxc6 Nxc6 12. c3 Bf5 13. Be2 Rfd8 14. O-O Bxd3
15. Bxd3 Rxd3 16. Nbd2 Re8 17. Ne4 Bb6 18. Rfd1 Rxd1+ 19. Rxd1 f5 20. Ng3 f4 21.
Ne4 a6 22. Kf1 Kf7 23. Ke2 Rd8 24. Rxd8 Nxd8 25. Nd6+ Ke6 26. Nxb7 Nxb7 27. Nd2
Nc5 28. b3 Kf5 29. Kf3 Nd3 30. Nc4 Bxf2 31. Nd6+ Ke6 32. Ne4 Bb6 33. a4 Ba5 34.
b4 Bc7 35. g3 fxg3 36. Kxg3 Kf5 37. Nc5 Nxc5 38. bxc5 e4+ 39. Kf2 Kf4 40. Ke2
Kg3 41. Ke3 Kxh3 42. Kxe4 g5 43. Kd5 g4 44. Kc6 Bf4 45. Kb6 g3 46. c6 g2 47. c7
g1=Q+ 48. Kxa6 Bxc7 49. a5 Qg6+ 50. Kb5 Qg5+ 0-1

[Event "AUTO-INT-1223"]
[Site "http://www.queenalice.com/game.php?id=548514"]
[Date "2009.3.1"]
[Round "1"]
[White "alexsr27"]
[Black "Henri_AnArquiA_"]
[Result "0-1"]
[WhiteElo "1397"]
[BlackElo "1660"]

1. e4 e5 2. Nf3 d6 3. Bc4 Be7 4. c3 c6 5. d4 b5 6. Be2 exd4 7. cxd4 Bg4 8. Nc3
a6 9. O-O Bxf3 10. Bxf3 Nf6 11. d5 c5 12. Bf4 O-O 13. e5 Ne8 14. e6 Ra7 15. Re1
fxe6 16. dxe6 Rxf4 17. Nd5 Rd4 18. Qe2 Nf6 19. Nxe7+ Qxe7 20. Rad1 Rxd1 21. Qxd1
c4 22. Bd5 Nxd5 23. Qxd5 h6 24. Rd1 Rc7 25. Qxd6 Qxd6 26. Rxd6 Nc6 27. f4 g6 28.
g4 Kf8 29. f5 Ke7 30. Rd2 gxf5 31. gxf5 Ne5 32. Rg2 Kf6 33. Rf2 c3 34. bxc3 Rc5
0-1

[Event "AUTO-INT-1223"]
[Site "http://www.queenalice.com/game.php?id=548515"]
[Date "2009.3.1"]
[Round "1"]
[White "Henri_AnArquiA_"]
[Black "alexsr27"]
[Result "1-0"]
[WhiteElo "1631"]
[BlackElo "1439"]

1. e4 e5 2. Nf3 d6 3. c3 Nf6 4. d3 c6 5. Bg5 Be7 6. Bxf6 Bxf6 7. d4 Nd7 8. Bd3
d5 9. O-O Qe7 10. Nbd2 Nb6 11. Qc2 Bg4 12. h3 Be6 13. dxe5 Bg5 14. Nxg5 Qxg5 15.
Nf3 Qg6 16. exd5 Qh6 17. dxe6 Qxe6 18. Nd4 Qe7 19. Rad1 O-O 20. Bxh7+ Kh8 21.
Bd3 Qxe5 22. Rfe1 Qd5 23. Re4 g6 24. Rh4+ Kg7 25. Qd2 g5 26. Nf5+ Kf6 27. Rh6+
Ke5 28. Re1+ 1-0

[Event "AUTO-OPEN-1470"]
[Site "http://www.queenalice.com/game.php?id=552855"]
[Date "2009.3.8"]
[Round "1"]
[White "alexsr27"]
[Black "heckaugusto"]
[Result "1-0"]
[WhiteElo "1484"]
[BlackElo "1553"]

1. e4 c5 2. Nf3 Nc6 3. c3 e6 4. d4 cxd4 5. cxd4 Be7 6. Nc3 d6 7. g3 f5 8. exf5
exf5 9. Bb5 Bd7 10. Qe2 Nf6 11. d5 Nb8 12. O-O O-O 13. Bxd7 Nbxd7 14. Re1 Re8
15. Bg5 Rc8 16. Nd4 h6 17. Bxf6 Bxf6 18. Ne6 Qb6 19. Nb5 a6 20. Na3 Ne5 21. Rac1
Rxc1 22. Rxc1 Qxb2 23. Qe3 Ng4 24. Nc4 Nxe3 25. Nxb2 Bxb2 26. Rb1 Nxd5 27. Rxb2
Rxe6 28. Rxb7 f4 29. Ra7 fxg3 30. Rxa6 Re1+ 31. Kg2 gxh2 32. Kxh2 Re2 33. Kg2
Nc3 34. a4 d5 35. a5 1-0

[Event "AUTO-OPEN-1470"]
[Site "http://www.queenalice.com/game.php?id=552856"]
[Date "2009.3.8"]
[Round "1"]
[White "heckaugusto"]
[Black "alexsr27"]
[Result "0-1"]
[WhiteElo "1621"]
[BlackElo "1385"]

1. e4 e5 2. f4 Nf6 3. Nc3 exf4 4. Nf3 d5 5. exd5 Nxd5 6. d3 Nxc3 7. bxc3 Bd6 8.
Be2 O-O 9. O-O Qf6 10. Bd2 Bg4 11. Nd4 Bxe2 12. Qxe2 Bc5 13. Rxf4 Qd6 14. Raf1
Nc6 15. Be3 Rfe8 16. R1f3 Bxd4 17. cxd4 Nxd4 18. Rxd4 Qxd4 19. Kf2 Qh4+ 20. Kf1
Qxh2 21. Qf2 Re7 22. Ke2 Qe5 23. Kd2 Qb2 24. Bc5 Re5 25. Bd4 Qb4+ 26. Bc3 Qb5
27. Bxe5 Qxe5 28. Rxf7 Qa5+ 29. Ke2 Qxa2 30. Rxc7 Re8+ 0-1

[Event "AUTO-OPEN-1470"]
[Site "http://www.queenalice.com/game.php?id=552857"]
[Date "2009.3.8"]
[Round "1"]
[White "alexsr27"]
[Black "Sigmund"]
[Result "0-1"]
[WhiteElo "1522"]
[BlackElo "1759"]

1. e4 e5 2. Nf3 Nc6 3. d4 d5 4. exd5 Qxd5 5. c4 Qe4+ 6. Be2 exd4 7. Nbd2 Bb4 8.
O-O Bxd2 9. Nxd2 Qg6 10. Re1 Nge7 11. Nf3 Bh3 12. g3 O-O-O 13. Bd3 Qh5 14. Be4
f5 15. Ng5 Rhf8 16. Qxh5 Bg4 17. Qxh7 fxe4 18. Ne6 Bxe6 19. Bg5 Rf7 20. Rxe4 Bf5
21. Qh4 Bxe4 22. Re1 Bf5 23. Bxe7 Re8 24. Bb4 Ne5 25. f4 Nf3+ 26. Kf2 Nxh4 27.
Rxe8+ Kd7 28. Re5 Ng6 29. Rd5+ Kc8 30. Rxd4 b6 31. Bc3 Nf8 32. Rd5 Nd7 33. b4
Be6 34. Rg5 Nf6 35. Bxf6 gxf6 36. Rg8+ Kb7 37. Rd8 Bxc4 38. a3 Re7 39. Rd2 a5
40. h4 Kc6 41. bxa5 bxa5 42. Kf3 f5 0-1

[Event "AUTO-OPEN-1470"]
[Site "http://www.queenalice.com/game.php?id=552858"]
[Date "2009.3.8"]
[Round "1"]
[White "Sigmund"]
[Black "alexsr27"]
[Result "1-0"]
[WhiteElo "1844"]
[BlackElo "1385"]

1. e4 e5 2. Bc4 c6 3. Nc3 Bb4 4. Nf3 Bxc3 5. dxc3 Nf6 6. Ng5 d5 7. Bb3 h6 8. Nf3
Bg4 9. h3 Bxf3 10. Qxf3 Nxe4 11. c4 O-O 12. O-O Re8 13. cxd5 cxd5 14. Rd1 Ng5
15. Qxd5 Qxd5 16. Bxd5 Na6 17. Bxb7 Red8 18. Rxd8+ Rxd8 19. Bxa6 Rd1+ 20. Kh2
Ne4 21. f3 Nd2 22. b3 e4 23. fxe4 Nxe4 24. Bb2 1-0

[Event "AUTO-OPEN-1470"]
[Site "http://www.queenalice.com/game.php?id=552859"]
[Date "2009.3.8"]
[Round "1"]
[White "alexsr27"]
[Black "Fariajj"]
[Result "0-1"]
[WhiteElo "1414"]
[BlackElo "1389"]

1. e4 c5 2. c3 Nc6 3. d4 cxd4 4. cxd4 Nf6 5. e5 Nd5 6. Bc4 e6 7. Nf3 Bb4+ 8. Bd2
Qa5 9. a3 Bxd2+ 10. Qxd2 O-O 11. b4 Ncxb4 12. Bxd5 Nc2+ 13. Ke2 Qxd2+ 14. Nbxd2
Nxa1 15. Rxa1 exd5 16. Nb3 b6 0-1

[Event "AUTO-OPEN-1470"]
[Site "http://www.queenalice.com/game.php?id=552860"]
[Date "2009.3.8"]
[Round "1"]
[White "Fariajj"]
[Black "alexsr27"]
[Result "1-0"]
[WhiteElo "1668"]
[BlackElo "1534"]

1. d4 d5 2. c4 dxc4 3. Nc3 Nc6 4. Nf3 b6 5. e4 e6 6. Bxc4 Nf6 7. d5 Na5 8. Bb5+
Bd7 9. O-O Bxb5 10. Nxb5 exd5 11. Bg5 Be7 12. b4 dxe4 13. Nh4 Nc6 14. Nf5 Nxb4
15. Qb3 h6 16. Bf4 Nd3 17. Bxc7 Qd7 18. Nxe7 Qxe7 19. Bd6 Qd7 20. f3 Nc5 21. Qe3
Qxb5 22. fxe4 Nfxe4 23. Qd4 Qd7 24. Qe5+ Qe6 25. Qxg7 O-O-O 26. Bg3 Rdg8 27. Qe5
Nxg3 28. Qxe6+ fxe6 29. hxg3 Rxg3 30. Rf2 Re8 31. Rb1 e5 32. Rf7 Kb8 33. Rb4 e4
34. a4 e3 35. a5 e2 36. Rb1 e1=Q+ 37. Rxe1 1-0